Managerial Economics (Record no. 591)
[ view plain ]
| 000 -LEADER | |
|---|---|
| Fixed length control field | 00470nam a2200181 4500 |
| 003 - CONTROL NUMBER IDENTIFIER | |
| Control field | SEACOMMC |
| 005 - DATE AND TIME OF LATEST TRANSACTION | |
| Control field | 20240924133757.0 |
| 008 - FIXED-LENGTH DATA ELEMENTS--GENERAL INFORMATION | |
| Fixed length control field | 240924b |||||||| |||| 00| 0 eng d |
| 020 ## - INTERNATIONAL STANDARD BOOK NUMBER / ISBN | |
| International Standard Book Number | 81-7808-530-5 |
| Price | Rs.250.00 |
| 040 ## - CATALOGING SOURCE | |
| Original cataloging agency | SEACOMMC |
| 082 ## - DEWEY DECIMAL CLASSIFICATION NUMBER | |
| Classification number | 331.714 |
| Book Number | P484 |
| 100 ## - MAIN ENTRY--PERSONAL NAME | |
| Personal name | Petersen, H.C |
| 245 1# - TITLE STATEMENT | |
| Title | Managerial Economics |
| Statement of responsibility | H.C Petersen and W.C Lewis |
| 250 ## - EDITION STATEMENT | |
| Edition statement | 4th ed. |
| 260 ## - IMPRINT | |
| Place of publication | Delhi |
| Name of publisher | Pearson Education |
| Date of publication | 2005 |
| 650 ## - SUBJECT ADDED ENTRY--TOPICAL TERM | |
| Topical term | Economics |
| 942 ## - ADDED ENTRY ELEMENTS (KOHA) | |
| Koha item type | Books |
| Withdrawn status | Lost status | Source of classification | Damaged status | Not for loan | Home library | Current library | Shelving location | Date acquired | Total Checkouts | Call number | Accession number | Date last seen | Price effective from | Koha item type | Copy number |
|---|---|---|---|---|---|---|---|---|---|---|---|---|---|---|---|
| Dewey Decimal Classification | SEACOM MANAGEMENT COLLEGE | SEACOM MANAGEMENT COLLEGE | Reference | 03/10/2007 | 331.714 P484 | M-313 | 24/09/2024 | 24/09/2024 | Reference Books | ||||||
| Dewey Decimal Classification | SEACOM MANAGEMENT COLLEGE | SEACOM MANAGEMENT COLLEGE | 06/11/2007 | 331.714 P484 | M-702 | 26/10/2024 | 26/10/2024 | Books | 1 | ||||||
| Dewey Decimal Classification | SEACOM MANAGEMENT COLLEGE | SEACOM MANAGEMENT COLLEGE | 06/11/2007 | 331.714 P484 | M-703 | 26/10/2024 | 26/10/2024 | Books | 2 |
